| 000 | 00512nam a22001937a 4500 | ||
|---|---|---|---|
| 003 | KOHA_MİRAKIL | ||
| 005 | 20251001162209.0 | ||
| 008 | 251001b tu ||||| |||| 00| 0 tur d | ||
| 020 | _a9789750535345 | ||
| 040 |
_aTR-AnABB _btur _cTR-AnABB |
||
| 041 | _atur | ||
| 082 |
_a833.914 _bKUT 2023 |
||
| 100 | 1 | _aKutscher, Volker, | |
| 245 | 1 | 0 | _aMarlow / |
| 260 |
_aİstanbul : _bİletişim Yayıncılık, _c2023 |
||
| 300 |
_a480 sayfa ; _c20 cm |
||
| 650 | 0 | 4 | _aAlman edebiyatı, roman |
| 942 |
_2ddc _cBK |
||
| 999 |
_c9023 _d9023 |
||
| 900 | _bGizem YORULMAZ | ||